| 000 | 00455nam a22001575i 4500 | ||
|---|---|---|---|
| 001 | 171398 | ||
| 003 | ES-MaACL | ||
| 005 | 20230906214625.0 | ||
| 008 | 090513s1939 sp |||| | spa d | ||
| 100 | 1 |
_aSófocles. _9107023 |
|
| 245 | 1 | 0 |
_aEdipo rey / _cSófocles ; texto griego de Ignacio Errandonea. |
| 260 |
_aMadrid : _bFax, _c1939. |
||
| 300 |
_a62 p. ; _c20 cm. |
||
| 700 | 1 |
_aErrandonea, Ignacio. _947427 |
|
| 852 |
_aES-MaACL _j1859-F-13 _9R.22976 |
||
| 999 |
_c171398 _d171398 |
||